<?xml version="1.0" encoding="UTF-8"?>
<record
    xmlns:xsi="http://www.w3.org/2001/XMLSchema-instance"
    xsi:schemaLocation="http://www.loc.gov/MARC21/slim http://www.loc.gov/standards/marcxml/schema/MARC21slim.xsd"
    xmlns="http://www.loc.gov/MARC21/slim">

  <leader>03198nam a2200565Ia 4500</leader>
  <controlfield tag="001">4593</controlfield>
  <controlfield tag="008">241029s9999    xx            000 0 und d</controlfield>
  <datafield tag="010" ind1=" " ind2=" ">
    <subfield code="a">4333</subfield>
  </datafield>
  <datafield tag="041" ind1=" " ind2=" ">
    <subfield code="a">Espa&#xF1;ol</subfield>
  </datafield>
  <datafield tag="082" ind1=" " ind2=" ">
    <subfield code="a">NO APLICA</subfield>
  </datafield>
  <datafield tag="245" ind1=" " ind2="0">
    <subfield code="a">El papel de la Universidad Aut&#xF3;noma de Santo Domingo (UASD), en la educaci&#xF3;n y concienciaci&#xF3;n ciudadana, en lo referente a la divisi&#xF3;n territorial de la Rep&#xFA;blica Dominicana.</subfield>
  </datafield>
  <datafield tag="260" ind1=" " ind2=" ">
    <subfield code="a">Santo Domingo</subfield>
  </datafield>
  <datafield tag="300" ind1=" " ind2=" ">
    <subfield code="a">96</subfield>
  </datafield>
  <datafield tag="520" ind1=" " ind2=" ">
    <subfield code="a">18</subfield>
  </datafield>
  <datafield tag="630" ind1=" " ind2=" ">
    <subfield code="a">Conocimientos previos</subfield>
  </datafield>
  <datafield tag="630" ind1=" " ind2=" ">
    <subfield code="a">Contexto Natural</subfield>
  </datafield>
  <datafield tag="630" ind1=" " ind2=" ">
    <subfield code="a">Contexto Social</subfield>
  </datafield>
  <datafield tag="630" ind1=" " ind2=" ">
    <subfield code="a">Geograf&#xED;a</subfield>
  </datafield>
  <datafield tag="650" ind1=" " ind2=" ">
    <subfield code="a">Competencias Educativas</subfield>
  </datafield>
  <datafield tag="690" ind1=" " ind2=" ">
    <subfield code="a">Sintetizado</subfield>
  </datafield>
  <datafield tag="700" ind1=" " ind2=" ">
    <subfield code="e">asesor</subfield>
    <subfield code="a">Juan Francisco , Viloria</subfield>
  </datafield>
  <datafield tag="700" ind1=" " ind2=" ">
    <subfield code="e">autor</subfield>
    <subfield code="a">Hern&#xE1;ndez Pe&#xF1;a , Susana </subfield>
  </datafield>
  <datafield tag="700" ind1=" " ind2=" ">
    <subfield code="e">autor</subfield>
    <subfield code="a">Ignacio Antonio, Aybar Acosta</subfield>
  </datafield>
  <datafield tag="901" ind1=" " ind2=" ">
    <subfield code="a">{"1":"Hern&#xE1;ndez Pe&#xF1;a ","2":"Ignacio Antonio"}</subfield>
    <subfield code="b">{"1":"Susana ","2":"Aybar Acosta"}</subfield>
  </datafield>
  <datafield tag="902" ind1=" " ind2=" ">
    <subfield code="a">1</subfield>
  </datafield>
  <datafield tag="903" ind1=" " ind2=" ">
    <subfield code="a">{"1":"Juan Francisco "}</subfield>
    <subfield code="b">{"1":"Viloria"}</subfield>
  </datafield>
  <datafield tag="904" ind1=" " ind2=" ">
    <subfield code="a">Maestr&#xED;a en</subfield>
  </datafield>
  <datafield tag="905" ind1=" " ind2=" ">
    <subfield code="a">Ense&#xF1;anza Superior</subfield>
  </datafield>
  <datafield tag="906" ind1=" " ind2=" ">
    <subfield code="a">2</subfield>
  </datafield>
  <datafield tag="907" ind1=" " ind2=" ">
    <subfield code="a">NO APLICA</subfield>
  </datafield>
  <datafield tag="908" ind1=" " ind2=" ">
    <subfield code="a">NO APLICA</subfield>
  </datafield>
  <datafield tag="909" ind1=" " ind2=" ">
    <subfield code="a">Universidad Aut&#xF3;noma de Santo Domingo (UASD)</subfield>
  </datafield>
  <datafield tag="910" ind1=" " ind2=" ">
    <subfield code="a">NULL</subfield>
    <subfield code="b">NULL</subfield>
  </datafield>
  <datafield tag="911" ind1=" " ind2=" ">
    <subfield code="a">["1"]</subfield>
  </datafield>
  <datafield tag="912" ind1=" " ind2=" ">
    <subfield code="a">NO APLICA</subfield>
  </datafield>
  <datafield tag="913" ind1=" " ind2=" ">
    <subfield code="a">NULL</subfield>
  </datafield>
  <datafield tag="914" ind1=" " ind2=" ">
    <subfield code="a">11 de Agosto de 2014</subfield>
  </datafield>
  <datafield tag="915" ind1=" " ind2=" ">
    <subfield code="a">10/12/19 08:12</subfield>
  </datafield>
  <datafield tag="916" ind1=" " ind2=" ">
    <subfield code="a">NULL</subfield>
  </datafield>
  <datafield tag="917" ind1=" " ind2=" ">
    <subfield code="a">NULL</subfield>
  </datafield>
  <datafield tag="918" ind1=" " ind2=" ">
    <subfield code="a">NO APLICA</subfield>
  </datafield>
  <datafield tag="919" ind1=" " ind2=" ">
    <subfield code="a">["234","301","300","233"]</subfield>
  </datafield>
  <datafield tag="520" ind1=" " ind2=" ">
    <subfield code="a">La investigaci&#xF3;n realizada es de tipo exploratoria y descriptiva, se fundament&#xF3; en el m&#xE9;todo de la encuesta y la entrevista, como instrumento de recolecci&#xF3;n de datos, se aplicaron cuestionarios a veinte (20) profesores, distribuidos de la siguiente manera: UASD-Santo Domingo: trece (13) profesores. UASD-San Francisco de Macor&#xED;s: tres (3) profesores. UASD-San Juan de la Maguana: cuatro (4) profesores. La muestra de estudiantes fue de cuatro cientos setenta y cinco (475) distribuidas de la siguiente manera:&#xA0;UASD-Santo Domingo&#xA0;ciento cincuenta y nueve&#xA0;(159)&#xA0;estudiantes, UASD-San Francisco de Macor&#xED;s ciento treinta y cuatro (134) estudiantes y UASD-San Juan de la Maguana ochenta y dos (82) estudiantes. &#xA0;El estudio concluye, que la mayor&#xED;a de profesores y estudiantes de la Universidad Aut&#xF3;noma de Santo Domingo, presentan carencia en el conocimiento de la ubicaci&#xF3;n geogr&#xE1;fica, la delimitaci&#xF3;n y la jurisdicci&#xF3;n superior a la que pertenecen las comunidades donde residen o desenvuelven sus actividades cotidianas. De igual manera, se observa un bajo nivel de conocimiento, en cuanto a la divisi&#xF3;n pol&#xED;tica actual del territorio dominicano.El mayor porcentaje de los profesores encuestados, no han recibido instrucci&#xF3;n en Geograf&#xED;a y los que han recibido, presentan confusi&#xF3;n respecto a la tem&#xE1;tica. En tanto que, aunque la mayor&#xED;a de los estudiantes encuestados cursan asignaturas de t&#xE9;rmino de sus respectivas carreras, la mayor&#xED;a no recibe ninguna instrucci&#xF3;n respecto a la divisi&#xF3;n pol&#xED;tica, raz&#xF3;n por la que presentan bajo nivel de conocimiento entorno a la misma.</subfield>
  </datafield>
  <datafield tag="921" ind1=" " ind2=" ">
    <subfield code="a">12</subfield>
  </datafield>
  <datafield tag="922" ind1=" " ind2=" ">
    <subfield code="a">12</subfield>
  </datafield>
  <datafield tag="923" ind1=" " ind2=" ">
    <subfield code="a">0</subfield>
  </datafield>
  <datafield tag="924" ind1=" " ind2=" ">
    <subfield code="a">NO APLICA</subfield>
  </datafield>
  <datafield tag="942" ind1=" " ind2=" ">
    <subfield code="c">Tesis</subfield>
  </datafield>
  <datafield tag="999" ind1=" " ind2=" ">
    <subfield code="c">4333</subfield>
    <subfield code="d">4333</subfield>
  </datafield>
</record>
